| 000 | 00554nam a2200181Ia 4500 | ||
|---|---|---|---|
| 008 | 100920s9999 xx 000 0 und d | ||
| 082 |
_b92218 _a200 न 04 |
||
| 100 | _aपवार शोभा. | ||
| 245 | _aअमृतवाणी. | ||
| 260 |
_bमानसन्मान प्रकाशन, पुणे 4. _c2004 |
||
| 300 |
_a96 _bसाधी |
||
| 365 | _b100 | ||
| 520 | _aधार्मिक. | ||
| 630 | _aअमृतवाणी. | ||
| 650 | _aधार्मिक. | ||
| 730 | _aअमृतवाणी. | ||
| 942 | _cBOOK | ||
| 999 |
_c732664 _d732661 |
||